| 000 | 00382cam a2200145ua 4500 | ||
|---|---|---|---|
| 041 |
_aeng _h |
||
| 082 |
_a633.81 _bSAM/VE |
||
| 100 | _aSambasiva Rao, K . | ||
| 245 |
_aVetiver in India / _cK.Sambasiva Rao. _hTextual Documents |
||
| 260 |
_aNew Delhi : _bIndian Council for Agricultural Research , _c1964. |
||
| 300 | _a40 ; . | ||
| 504 | _a | ||
| 942 | _cBK | ||
| 999 |
_c1130 _d1130 |
||